Toughest enforcement notice fines in the UK (Record no. 71989)

MARC details
000 -LEADER
fixed length control field 01158cam a2200229 4500
001 - CONTROL NUMBER
control field WB3904-17
008 - FIXED-LENGTH DATA ELEMENTS--GENERAL INFORMATION
fixed length control field 030129n2003 000 0 eng u
035 ## - SYSTEM CONTROL NUMBER
System control number (Sirsi) u121156
245 ## - TITLE STATEMENT
Title Toughest enforcement notice fines in the UK
260 ## - PUBLICATION, DISTRIBUTION, ETC.
Date of publication, distribution, etc. 2003
490 ## - SERIES STATEMENT
Series statement RICS Planning and Development Faculty News
Volume/sequential designation 24 January 2003, (1)
520 ## - SUMMARY, ETC.
Summary, etc. Breaches of enforcement notices in Northern Ireland will incur the toughest fines in the UK. Measures in the Planning (Amendment) (Northern Ireland) Order 2003, now laid at Westminster, are aimed at strengthening and improving the planning system in the province. Fines of up to £30 000 for unauthorised demolition or development and spot listing of at risk buildings will be introduced amongst other new powers. Northern Ireland Executive press release http://www.northernireland.gov.uk/press/env/030122a-env.htm
590 ## - LOCAL NOTE (RLIN)
Local note WB
650 ## - SUBJECT ADDED ENTRY--TOPICAL TERM
Topical term or geographic name entry element NORTHERN IRELAND
650 ## - SUBJECT ADDED ENTRY--TOPICAL TERM
Topical term or geographic name entry element PLANNING SYSTEM
650 ## - SUBJECT ADDED ENTRY--TOPICAL TERM
Topical term or geographic name entry element ENFORCEMENT NOTICES
650 ## - SUBJECT ADDED ENTRY--TOPICAL TERM
Topical term or geographic name entry element PLANNING CONSENT
650 ## - SUBJECT ADDED ENTRY--TOPICAL TERM
Topical term or geographic name entry element SPOT LISTING
650 ## - SUBJECT ADDED ENTRY--TOPICAL TERM
Topical term or geographic name entry element DEMOLITION
690 ## - LOCAL SUBJECT ADDED ENTRY--TOPICAL TERM (OCLC, RLIN)
Topical term or geographic name as entry element ENVIRONMENTAL AND LAND CONSULTANCY-PLANNING AND DEVELOPMENT
942 ## - ADDED ENTRY ELEMENTS (KOHA)
Suppress in OPAC 0
Holdings
Withdrawn status Lost status Source of classification or shelving scheme Damaged status Not for loan Home library Current library Shelving location Date acquired Total Checkouts Full call number Barcode Date last seen Copy number Price effective from Koha item type
    Dewey Decimal Classification     London London News article 29/01/2003   WB3904-17 121156-1001 06/08/2019 1 06/08/2019 News article